000 00980nam a2200265 a 4500
005 20171002170619.0
008 160219s2015 sp a gr 00010 spa d
020 _a9788426141743
040 _aCO-BoBLA
_cCO-BoBLA
041 _aspa
043 _ae-sp---
044 _asp
082 _aI-JUV
_b03
100 1 _aHoffman, Mary,
_d1945-
245 1 3 _aEl gran libro de la ecología /
_cMary Hoffman ; ilustraciones Ros Asquith ; traducción Anna Gasol.
260 _aBarcelona :
_bEditorial Juventud,
_c2015.
300 _a36 páginas :
_bilustraciones a color
_c31 x 22cm.
534 _pTítulo original :
_tThe Great Big Green Book.
650 4 _aEcología
_x Literatura infantil.
650 6 _aProtección de los recursos naturales
_x Literatura infantil.
700 1 _aAsquith, Ros,
_eilustrador.
700 1 _aGasol, Anna,
_etraductora.
942 _2z
_cLIBRO
949 _an
_bn
999 _c19880
_d19880